000
00232nam a22000857a 4500
008
170110b xxu||||| |||| 00| 0 eng d
100
_9
2291
_a
Sharma. R
245
_a
Frank Environment Education-6
260
_a
New Delhi
_b
Frank Brothers
_c
2006
999
_c
5190
_d
5190